| 000 | 00521nam a2200169Ia 4500 | ||
|---|---|---|---|
| 003 | OSt | ||
| 005 | 20200124161649.0 | ||
| 008 | 190216s9999||||xx |||||||||||||| ||und|| | ||
| 020 | _a9788126142019 | ||
| 040 | _coclc | ||
| 082 |
_a332.17085 _bUPP/B |
||
| 100 |
_aUppal, Rajinder Kumar _91055 |
||
| 245 | 0 |
_aBanking And Information Technology / _cRajinder Kumar Uppal |
|
| 260 |
_bAnmol Publications, _c2010. _aNew Delhi: |
||
| 300 | _a444p | ||
| 942 |
_cBK _2ddc _h332.170285 _iUPP/B _k332.170285 _mUPP/B |
||
| 999 |
_c11421 _d11421 |
||